000 00729nam a22002297i 4500
999 _c23248
_d23248
003 AR-CdUCM
008 250407b20092009 pe||||| |||| 00| 0 spa d
020 _a978-612-4029-24-0
040 _aMUNICIPALIDAD PROVINCIAL DEL CUSCO
_cBIBLIOTECA MUNICIPAL DEL CUSCO
041 _hspa
082 _aPI / 803.08 / L84
_bL84
100 _aLoli, Cesar
_951114
245 _aUna Tortuguita :
_bCántame un cuento /
260 _aLima :
_bEditorial Septiembre,
_c2009
300 _a16 páginas. :
_bIlustraciones,
_c19x19 cm.
650 _aLiteratura Infantil
_9588
650 _aCuento Infantil
_951115
650 _aPrimera infancia
_924660
856 _fwww.Editorialseptiembre.com
942 _2ddc
_cLIBROS
945 _apbjr
_d7-04-2025